书目信息 |
| 题名: |
融资
|
|
| 作者: | 樊 著 | |
| 分册: | ||
| 出版信息: | 北京 石油工业出版社 2015 |
|
| 页数: | 189页, [8] 页图版 | |
| 开本: | 24cm | |
| 丛书名: | ||
| 单 册: | ||
| 中图分类: | F279.246 , F832.51 | |
| 科图分类: | ||
| 主题词: | 上市公司--shang shi gong si--融资--研究--中国 , 融资--rong zi , 研究--yan jiu , 中国--zhong guo | |
| 电子资源: | ||
| ISBN: | 978-7-5183-0427-1 | |
| 000 | 00964nam0 22003011 450 | |
| 001 | 0109172449 | |
| 005 | 20170309172449.0 | |
| 010 | @a978-7-5183-0427-1@dCNY48.00 | |
| 100 | @a20150508d2015 em y0chiy50 ea | |
| 101 | 0 | @achi |
| 102 | @aCN@b110000 | |
| 105 | @aaf a 000yy | |
| 106 | @ar | |
| 200 | 1 | @a融资@9rong zi@e奔向华尔街@f(美) 安迪樊著 |
| 210 | @a北京@c石油工业出版社@d2015 | |
| 215 | @a189页, [8] 页图版@c彩图@d24cm | |
| 320 | @a有书目 (第189页) | |
| 330 | @a本书共三个部分,第一部分主要揭露华尔街资本的力量。第二部分展示的是激荡华尔街的中国资本。第三部分是华尔街的游戏规则。 | |
| 517 | 1 | @a奔向华尔街@9ben xiang hua er jie |
| 606 | 0 | @a上市公司@9shang shi gong si@x融资@x研究@y中国 |
| 606 | 0 | @a融资@9rong zi |
| 606 | 0 | @a研究@9yan jiu |
| 606 | 0 | @a中国@9zhong guo |
| 690 | @aF279.246@v5 | |
| 690 | @aF832.51@v5 | |
| 701 | 1 | @a樊@9fan@c(Fan, Andy)@4著 |
| 801 | 0 | @aCN@bTANGWEI@c20170308 |
| 905 | @b0953792-5@dF279.246@e1343@f4 | |
| 融资:奔向华尔街/(美) 安迪樊著.-北京:石油工业出版社,2015 |
| 189页, [8] 页图版:彩图;24cm |
| ISBN 978-7-5183-0427-1:CNY48.00 |
| 本书共三个部分,第一部分主要揭露华尔街资本的力量。第二部分展示的是激荡华尔街的中国资本。第三部分是华尔街的游戏规则。 |
| ● |
| 相关链接 |
|
|
|
|
正题名:融资
索取号:F279.246/1343
 
预约/预借
| 序号 | 登录号 | 条形码 | 馆藏地/架位号 | 状态 | 备注 |
| 1 | 0953792 | 209537928 | 第一样本阅览室/ [索取号:F279.246/1343] | 在馆 | |
| 2 | 0953793 | 209537937 | 第一借阅区/ [索取号:F279.246/1343] | 在馆 | |
| 3 | 0953794 | 209537946 | 第一借阅区/ [索取号:F279.246/1343] | 在馆 | |
| 4 | 0953795 | 209537955 | 第一借阅区/ [索取号:F279.246/1343] | 在馆 |